| 000 | 01191cam a2200289 a 4500 | ||
|---|---|---|---|
| 999 |
_c23680 _d23680 |
||
| 001 | 3788220 | ||
| 003 | ARRUPE | ||
| 005 | 20190716120748.0 | ||
| 008 | 841204s1985 enk b 001 0 eng | ||
| 010 | _a 84028280 | ||
| 020 |
_a0631133658 : _c$34.95 (U.S.) |
||
| 020 |
_a0631141618 (pbk.) : _c$14.95 (U.S.) |
||
| 040 |
_aDLC _cDLC _dDLC |
||
| 050 | 0 | 0 |
_aH61 _b.T72 1985 |
| 082 | 0 | 0 |
_a300/.1 _219 |
| 100 | 1 |
_aTrigg, Roger. _933992 |
|
| 245 | 1 | 0 |
_aUnderstanding social science : _ba philosophical introduction to the social sciences / _cRoger Trigg. |
| 260 |
_aOxford, UK ; _aNew York, NY, USA : _bB. Blackwell, _c1985. |
||
| 300 |
_a224 p. ; _c24 cm. |
||
| 500 | _aIncludes index. | ||
| 504 | _aBibliography: p. [215]-219. | ||
| 650 | 0 |
_aSocial sciences _xPhilosophy. _947106 |
|
| 856 | 4 | 1 |
_3Table of contents only _uhttp://www.loc.gov/catdir/enhancements/fy0801/84028280-t.html |
| 856 | 4 | 2 |
_3Publisher description _uhttp://www.loc.gov/catdir/enhancements/fy0801/84028280-d.html |
| 856 | 4 | 2 |
_3Contributor biographical information _uhttp://www.loc.gov/catdir/enhancements/fy0801/84028280-b.html |
| 906 |
_a7 _bcbc _corignew _d1 _eocip _f19 _gy-gencatlg |
||
| 942 |
_2lcc _cMONOGRAPH |
||